ايشيا ٹک سو سا ءٹی کلکتہ کی خد ما ت فا ر سی (Record no. 172776)

MARC details
000 -LEADER
fixed length control field 00685nam a22001937a 4500
005 - DATE AND TIME OF LATEST TRANSACTION
control field 20200212163252.0
010 ## - LCCN (DPL NO)
LC control number A-842630
020 ## - INTERNATIONAL STANDARD BOOK NUMBER
Terms of availability 200.00
International Standard Book Number -
035 ## - SYSTEM CONTROL NUMBER
System control number A-842630
037 ## - SOURCE OF ACQUISITION
Source of stock number/acquisition BPPD
082 ## - DEWEY DECIMAL CLASSIFICATION NUMBER
Classification number 891.5
100 ## - MAIN ENTRY--PERSONAL NAME
Personal name خا لد ہ حسينی
245 ## - TITLE STATEMENT
Title ايشيا ٹک سو سا ءٹی کلکتہ کی خد ما ت فا ر سی
Statement of responsibility, etc خا لد ہ حسينی
246 ## - VARYING FORM OF TITLE
Title proper/short title Asiatic Society Calcutta Ki Khidmaat Pharsi
Remainder of title by Khalida Hussaini
260 ## - PUBLICATION, DISTRIBUTION, ETC. (IMPRINT)
Place of publication, distribution, etc Calcutta
Name of publisher, distributor, etc Khalida Hussaini
Date of publication, distribution, etc 1997
270 ## - ADDRESS
Address Qasmi Dawakhana No.80,Kolutola Street,
City Calcutta
Postal code 700073
Telephone number -
Fax number -
Electronic mail address -
300 ## - PHYSICAL DESCRIPTION
Extent 312 ص
Dimensions 21 Cm.(P.b)
942 ## - ADDED ENTRY ELEMENTS (KOHA)
Source of classification or shelving scheme Dewey Decimal Classification
Item type Urdu Bks
Classification part 891.5
Call number suffix خ ا ل
Holdings
Withdrawn status Lost status Not for loan Collection code Home library Current library Date acquired Source of acquisition Cost, normal purchase price Full call number Barcode Copy number Cost, replacement price Koha item type
      Non-fiction Central Library Central Library 12/02/2020 BPPD/Ven. 200.00 891.5 خ ا ل A-842630 1 200.00 Urdu Bks

© Delhi Public Library
Hit Counter
free hit counter